Mixed Word: Figure Out the Joke Quiz Stats

 Plays Quiz Updated Jan 26, 2019

Support Sporcle.
Go Orange.
Score 0/12 Timer 04:00
0 Plays Today
Scrambled Word Unscrambled Word % Correct
CRUKT[T]RUCK
91.7%
LYON[O]NLY
85.9%
HMTON[M]ONTH
83.2%
PLEPA[A]PPLE
82.2%
GINAAAG[A}IN
73.3%
HACYT[Y]ACHT
66.6%
BRONCA[C]ARBON
51.3%
CEANEMME[N]ACE
50.1%
TEANEEAT[E]N
44.9%
BOTSURROBU[S]T
44.6%
Why Andy Roddick was called for cheating at Poker because he had ___ ____ ____TOO MANY ACES
32.3%
LAROCU[O]CULAR
32.1%

From the Vault

Who Was the Doctor?

by Derek

Time Lords just wanna have fun.
Remove Ads.
Support Sporcle.
Get the best of Sporcle when you Go Orange. This ad-free experience offers more features, more stats, and more fun while also helping to support Sporcle. Thank you for becoming a member.

Show Comments

Extras

Top Quizzes Today


Score Distribution

Your Account Isn't Verified!

In order to create a playlist on Sporcle, you need to verify the email address you used during registration. Go to your Sporcle Settings to finish the process.

Report this User

Report this user for behavior that violates our Community Guidelines.

Details: